| 000 | 02241cad a22002175a 4500 | ||
|---|---|---|---|
| 001 | L144198 | ||
| 008 | 080703e20080626xxko f sf000 0 eng d | ||
| 035 | _a(Sirsi) u144198 | ||
| 041 | 0 | _aeng | |
| 050 | 0 | 4 | _a306.1 $2 18 |
| 110 | 2 |
_aNational Housing and Planning Advice Unit _95426 |
|
| 245 | 0 | 0 |
_aMeeting the housing requirements of an aspiring and growing nation _btaking the medium and long-term view _h[electronic resource] |
| 260 |
_aFareham _bNHPAU _c2008 |
||
| 505 | 2 | _aSummary: Background to developing our advice -- The strategic and policy context for our advice -- What our supply range advice is and what it is not -- Delivery and the short-term versus long-term outlook -- Working with the regional partners -- Developing our advice -- Affordability analysis: Baseline affordability results -- Household and population projections -- Growth in earnings -- Mortgage interest rates -- Main affordability results -- Demographic method: Base household projections -- Backlog of constrained need and demand -- Additional demand for second homes -- Expected vacancies in new supply -- Total supply range derived from the demographic method -- Synthesis: Bottom end of the range -- Upper end of the range | |
| 520 | _aDiscusses the government aim that all people should have access to reasonable housing at affordable prices. The key indicator for affordability is the ratio of lower quartile house prices to earnings and this study states that this has fallen from 4 in 2000, to 7.25 in 2007 and looks likely to fall to 8.26 by 2026. Recommends possible solutions to affordable housing availability including: government commitments to providing a net increase of 240,000 houses per year; increased flexibility for regional planning authorities to meet the demand and also provides a discussion on balancing quantity with appropriate housing types. Advice has been developed through a combination of the CLG Affordability Model and traditional demographic profiling. | ||
| 521 | _aAdvanced | ||
| 651 | 4 |
_aEngland and Wales _y1543- |
|
| 690 |
_aResidential property _96266 |
||
| 856 | 4 | 0 |
_uhttps://www.communities.gov.uk/documents/507390/pdf/863376.pdf _zView the document free of charge at www.communities.gov.uk... |
| 942 | _n0 | ||
| 999 |
_c108408 _d108408 |
||